[Event "Siqueira Campos Super 8"]
[Site "Chess.com INT"]
[Date "2020.12.09"]
[Round "7"]
[White "Ramazzotte, Esther Zilli"]
[Black "Grebogi, Ana Lia"]
[Result "1-0"]
[WhiteElo "1167"]
[BlackElo "1062"]
[PlyCount "63"]
[EventDate "2020.11.30"]
[EventType "tourn"]
[EventRounds "14"]
[EventCountry "BRA"]
[SourceTitle "EXT 2022"]
[Source "ChessBase"]
[SourceDate "2021.10.06"]
[SourceVersion "1"]
[SourceVersionDate "2021.10.06"]
[SourceQuality "1"]

1. d4 Nf6 2. c4 g6 3. Nc3 Bg7 4. Nf3 d6 5. Bg5 0-0 6. e3 h6 7. Bh4 Nbd7 8. Bd3 e5 9. dxe5 dxe5 10. 0-0 g5 11. Bg3 Ne8 12. Rc1 f5 13. h3 Nef6 14. Nxe5 Nxe5 15. Bxe5 a6 16. Qc2 Nd7 17. Bxg7 Kxg7 18. Bxf5 Qf6 19. Bxd7 Bxd7 20. Nd5 Qc6 21. Qc3+ Kg8 22. Ne7+ Kh7 23. Nxc6 Bxc6 24. Rfd1 Rg8 25. Rd4 Rg6 26. Rcd1 Rag8 27. Rd8 R8g7 28. b4 b5 29. cxb5 Bxb5 30. Rc8 Bc6 31. Rdd8 Be4 32. Rh8# 1-0

[Event "Paranaense-ch U20 Girls"]
[Site "Pirai do Sul"]
[Date "2019.07.13"]
[Round "4.4"]
[White "Grebogi, Ana Lia"]
[Black "Bartmeyer, Beatriz"]
[Result "0-1"]
[WhiteElo "1704"]
[BlackElo "1456"]
[PlyCount "108"]
[EventDate "2019.07.12"]
[EventType "swiss"]
[EventRounds "5"]
[EventCountry "BRA"]
[SourceTitle "EXT 2022"]
[Source "ChessBase"]
[SourceDate "2021.10.06"]
[SourceVersion "1"]
[SourceVersionDate "2021.10.06"]
[SourceQuality "1"]

1. e4 c5 2. Nc3 Nc6 3. g3 d6 4. f4 g6 5. Bg2 Bg7 6. Nf3 e6 7. 0-0 Nge7 8. d3 0-0 9. h3 e5 10. fxe5 Nxe5 11. Nxe5 Bxe5 12. g4 Nc6 13. Nd5 Be6 14. Bh6 Re8 15. Rf2 Bd4 16. Be3 Bg7 17. c3 Rb8 18. Qf3 Ne5 19. Qf4 Nxd3 20. Qf3 Nxf2 21. Qxf2 Bxd5 22. exd5 Qf6 23. Qxf6 Bxf6 24. Bf4 Be5 25. Bg5 Kg7 26. Rf1 h6 27. Bd2 Bf6 28. b3 Re2 29. Rd1 Rbe8 30. c4 Bg5 31. Bxg5 hxg5 32. a4 Re1+ 33. Rxe1 Rxe1+ 34. Kf2 Rb1 35. Ke3 Rxb3+ 36. Ke4 Rb4 37. a5 Rxc4+ 38. Kd3 Ra4 39. Ke3 Rxa5 40. Ke4 Ra4+ 41. Kf3 Rd4 42. Ke3 a5 43. Kf2 b5 44. Kg3 a4 45. h4 gxh4+ 46. Kxh4 a3 47. Kh3 a2 48. Kg3 a1Q 49. Kh4 Qe1+ 50. Kh3 Rd3+ 51. Kh2 Qh4+ 52. Kg1 Rd1+ 53. Bf1 Qg3+ 54. Kh1 Rxf1# 0-1

[Event "BRA-ch U12 Girls"]
[Site "Florianopolis"]
[Date "2019.04.21"]
[Round "6"]
[White "Grebogi, Ana Lia"]
[Black "Novello, Juliana Brasil"]
[Result "0-1"]
[WhiteElo "1753"]
[BlackElo "1206"]
[PlyCount "66"]
[EventDate "2019.04.18"]
[EventType "swiss"]
[EventRounds "6"]
[EventCountry "BRA"]
[SourceTitle "CBM 190 Extra"]
[Source "ChessBase"]
[SourceDate "2019.07.15"]
[SourceVersion "1"]
[SourceVersionDate "2019.07.15"]
[SourceQuality "1"]

1. e4 c5 2. Nc3 d6 3. g3 Nf6 4. f4 Nc6 5. Bg2 Bd7 6. Nf3 e6 7. 0-0 Be7 8. d3 0-0 9. h3 d5 10. e5 Ne8 11. Qe2 Qb6 12. Na4 Qa5 13. Nc3 Qc7 14. g4 Nd4 15. Nxd4 cxd4 16. Nd1 Ba4 17. b3 Bb5 18. c4 dxc4 19. dxc4 Bc5 20. Qd3 Bc6 21. Bxc6 Qxc6 22. f5 Rd8 23. f6 Qc7 24. fxg7 Nxg7 25. Bh6 Qxe5 26. Qf3 d3+ 27. Kh1 Qxa1 28. Ne3 Qd4 29. Nf5 exf5 30. gxf5 Be7 31. Qg3 Qf6 32. Bg5 Qxg5 33. Qe3 Qxe3 0-1

[Event "BRA-ch U12 Girls"]
[Site "Florianopolis"]
[Date "2019.04.20"]
[Round "4"]
[White "Grebogi, Ana Lia"]
[Black "Balena, Aline"]
[Result "0-1"]
[WhiteElo "1753"]
[BlackElo "1759"]
[PlyCount "38"]
[EventDate "2019.04.18"]
[EventType "swiss"]
[EventRounds "6"]
[EventCountry "BRA"]
[SourceTitle "CBM 190 Extra"]
[Source "ChessBase"]
[SourceDate "2019.07.15"]
[SourceVersion "1"]
[SourceVersionDate "2019.07.15"]
[SourceQuality "1"]

1. e4 e5 2. Nf3 Nc6 3. Bc4 Bc5 4. c3 Nf6 5. d3 d6 6. a4 a6 7. Nbd2 Ba7 8. Nf1 0-0 9. Ng3 h6 10. 0-0 Bg4 11. h3 Bh5 12. Nxh5 Nxh5 13. b4 Qf6 14. b5 axb5 15. axb5 Bxf2+ 16. Rxf2 Rxa1 17. bxc6 bxc6 18. Ba2 Ra8 19. Qb3 Rxc1+ 0-1